Statistiques concernant Quel est ce fruit ?

Cliquez ici pour prendre le quiz!

Statistiques générales

  • Ce quiz a été pris 124 946 fois
  • Le résultat moyen est 14 sur 20

Statistiques - réponses

Réponse% Correct
Poire
99%
Fraise
99%
Kiwi
99%
Avocat
98%
Ananas
98%
Pastèque
96%
Mangue
95%
Litchi
91%
Mûre
89%
Grenade
87%
Grenadille
79%
Figue
77%
Groseille
74%
Papaye
66%
Kaki
48%
Goyave
43%
Coing
29%
Kumquat
23%
Ramboutan
10%
Pomme de {jacque}
8%

Distribution des résultats

Percentile par nombre de réponses

% des personnes avec chaque résultat

Votre développement - résultats

Vous n’avez pas pris ce quiz